Surveyors and statesmen: land measuring in colonial Virginia. (Record no. 95039)
[ view plain ]
| 000 -LEADER | |
|---|---|
| fixed length control field | 01014cam a2200241 4500 |
| 001 - CONTROL NUMBER | |
| control field | 95039 |
| 008 - FIXED-LENGTH DATA ELEMENTS--GENERAL INFORMATION | |
| fixed length control field | 090401t1979 xxu||||| |||| 00| 0 eng d |
| 020 ## - INTERNATIONAL STANDARD BOOK NUMBER | |
| International Standard Book Number | 09604076 |
| 035 ## - SYSTEM CONTROL NUMBER | |
| System control number | (Sirsi) u67696 |
| 041 0# - LANGUAGE CODE | |
| Language code of text/sound track or separate title | eng |
| 050 04 - LIBRARY OF CONGRESS CALL NUMBER | |
| Classification number | 526.909755 $2 18 |
| 100 1# - MAIN ENTRY--PERSONAL NAME | |
| Personal name | Hughes, Sarah S. |
| 245 00 - TITLE STATEMENT | |
| Title | Surveyors and statesmen: land measuring in colonial Virginia. |
| 260 0# - PUBLICATION, DISTRIBUTION, ETC. | |
| Place of publication, distribution, etc. | Richmond, VabVirginia Surveyors Foundation |
| Name of publisher, distributor, etc. | Viginia Association of Surveyors |
| Date of publication, distribution, etc. | 1979 |
| 300 ## - PHYSICAL DESCRIPTION | |
| Extent | x, 196p. |
| Other physical details | ill |
| Dimensions | 31cm. |
| 350 ## - PRICE (NR) (BK AM CF MU VM SE) [OBSOLETE] | |
| Price | 17.28 |
| 520 ## - SUMMARY, ETC. | |
| Summary, etc. | Demonstrates the historical developments of the surveying profession in colonial Virginia. Changing techniques of land measurement are examined; whilst an explorative account of the impact of surveyors' methodology on the Chesapeake economy and society provides further insight into the subject. |
| 650 ## - SUBJECT ADDED ENTRY--TOPICAL TERM | |
| Topical term or geographic name entry element | CHESAPEAKE BAY |
| 651 #4 - SUBJECT ADDED ENTRY--GEOGRAPHIC NAME | |
| Geographic name | VIRGINIA |
| 690 ## - LOCAL SUBJECT ADDED ENTRY--TOPICAL TERM (OCLC, RLIN) | |
| Topical term or geographic name as entry element | ENVIRONMENTAL AND LAND CONSULTANCY-GEOMATICS-LAND SURVEYING-LAND SURVEYORS |
| 942 ## - ADDED ENTRY ELEMENTS (KOHA) | |
| Suppress in OPAC | 0 |
| Source of classification or shelving scheme | Dewey Decimal Classification |
| 948 ## - LOCAL PROCESSING INFORMATION (OCLC); SERIES PART DESIGNATOR (RLIN) | |
| c (OCLC) | 04/03/1997 |
| Withdrawn status | Lost status | Source of classification or shelving scheme | Damaged status | Not for loan | Home library | Current library | Shelving location | Date acquired | Cost, normal purchase price | Total Checkouts | Full call number | Barcode | Date last seen | Copy number | Cost, replacement price | Price effective from | Koha item type |
|---|---|---|---|---|---|---|---|---|---|---|---|---|---|---|---|---|---|
| Dewey Decimal Classification | London | London | Folio | 14/09/1999 | 17.28 | F526.909755 | 30004078 | 28/06/2023 | 1 | 17.28 | 06/08/2019 | Book |